| 000 | 00555 a2200169 4500 | ||
|---|---|---|---|
| 999 |
_c2370 _d2370 |
||
| 020 | _a9780821382028 | ||
| 050 | _aHC800 AFR 2010 | ||
| 245 |
_aAfrica development indicators, 2010 : _bsilent and lethal : how quiet corruption undermines Africa's development efforts / |
||
| 264 |
_aWashington, D.C. : _bThe World Bank, _cc2010 |
||
| 300 |
_axii, 200p. : _bill. |
||
| 500 | _aSubtitle from cover | ||
| 650 |
_aDevelopment indicators _x2010 |
||
| 650 |
_aCorruption _xAfrica |
||
| 650 | _aDevelopment | ||
| 710 | _aWorld Bank | ||
| 942 |
_2lcc _cBK _h800 _iAFR _kHC |
||